Iuridica 1/1991

Salvato in:
Dettagli Bibliografici
Natura: Libro
Lingua:ceco
Pubblicazione: Praha Karolinum 1991
Edizione:1. vyd.
Serie:Acta Universitatis Carolinae
Tags: Aggiungi Tag
Nessun Tag, puoi essere il primo ad aggiungerne!!

MARC

LEADER 00000nam a2200000 4500
001 c025026
005 20221214093902.1
041 0 |a cze 
044 |a CZ 
245 1 0 |a Iuridica 1/1991 
250 |a 1. vyd. 
264 1 |a Praha  |b Karolinum  |c 1991 
300 |a 86 s. 
490 1 |a Acta Universitatis Carolinae 
830 0 |a Acta Universitatis Carolinae